Diagnostika behaviorálnych faktorov pri manažérskom rozhodovaní
Manažéri sú pri svojich rozhodnutiach pod vplyvom emócií a svojich vlastných psychologických pochodov. Príspevok poukazuje na tieto pochody a na odlišnosť medzi zaužívanou teóriou očakávaného úžitku, ktorý sa využíva pri rozhodovaní a teóriou vyhliadok, ktorá tu je aplikovaná na konkrétnu rozhodovac...
Salvato in:
| Autore principale: | |
|---|---|
| Natura: | Capitolo di libro |
| Lingua: | slovacco |
| Soggetti: | |
| Tags: |
Nessun Tag, puoi essere il primo ad aggiungerne!!
|
MARC
| LEADER | 00000nla a2200000 4500 | ||
|---|---|---|---|
| 001 | 0151317 | ||
| 005 | 20240502072718.5 | ||
| 041 | 0 | |a slo | |
| 044 | |a SK | ||
| 245 | 1 | 0 | |a Diagnostika behaviorálnych faktorov pri manažérskom rozhodovaní |c Kamil Adamík |
| 520 | |a Manažéri sú pri svojich rozhodnutiach pod vplyvom emócií a svojich vlastných psychologických pochodov. Príspevok poukazuje na tieto pochody a na odlišnosť medzi zaužívanou teóriou očakávaného úžitku, ktorý sa využíva pri rozhodovaní a teóriou vyhliadok, ktorá tu je aplikovaná na konkrétnu rozhodovaciu situáciu. Niektoré z odchýlok od racionality, ktoré sa môžu vyskytovať práve pri rozhodovacích procesoch a môžu ovplyvňovať úroveň kvality rozhodovania, prípadne viesť ku skriveniu pohľadu manažéra na rozhodovaciu situáciu. | ||
| 610 | 2 | 0 | |a manažéri |
| 610 | 2 | 0 | |a procesy rozhodovacie |
| 610 | 2 | 0 | |a rozhodovanie finančné |
| 610 | 2 | 0 | |a rozhodovanie manažérske |
| 610 | 2 | 0 | |a psychológia |
| 610 | 2 | 0 | |a racionalita |
| 100 | 1 | |a Adamík, Kamil | |